Loading...

UNITED KINGDOM POSTGARDUATE AWARDS

Bibliografiske detaljer
Format: Printed Book
Udgivet: LONDON THE ASSOSIATION OF COMMONWEALTH UNIVERSITIES 1967
Fag:
LEADER 00499nam a2200205 4500
020
037
082 |a 929.81 
100
245 |a UNITED KINGDOM POSTGARDUATE AWARDS  |h English 
250
260 |a LONDON  |b THE ASSOSIATION OF COMMONWEALTH UNIVERSITIES  |c 1967 
300 |a 186  |f HB 
500
590
630
650 |a AWARD 
942 |c TB 
999 |c 167601  |d 167601 
952 |0 0  |1 0  |4 0  |6 929_810000000000000  |7 0  |9 181044  |a BOT  |b BOT  |l 0  |o 929.81  |p BOT2677  |r 2019-10-25  |w 2019-10-25  |y TB